00699nam a22001097a 4500008004100000100001900041245003400060260001200094300003000106520044100136773001200577220704b ||||| |||| 00| 0 eng d aSinha, Shishir aBanking and digital currency  aYojana  a66(3), Mar, 2022: p.33-35 aThe finance minister made a provision of a special incentive scheme in the general budge for the financial year 2021-22 with a view of boosting up digital transactions. It was felt that the virtual digital assets need to be regulated. India is one of the most efficient payment markets in the world. An efficient digital transaction ecosystem will give a boost to research, development, and innovation in fintech space. – Reproduced  aYojana